| 000 | 00000nas 2200000za 4500 |
| 001 | 9.506632 |
| 003 | CaOODSP |
| 005 | 20231011091708 |
| 007 | cr ||||||||||| |
| 008 | 150406d20062006xxc|| p o||||f| |0eng|d |
| 040 | |aCaOODSP|beng |
| 043 | |an-cn--- |
| 086 | 1 |aR61-68E-PDF |
| 245 | 00|aPoint Pelee National Park of Canada, state of the park report. |
| 264 | 1|aGatineau, Quebec : |bParks Canada |
| 264 | 4|c©2007 |
| 310 | |aIrregular |
| 362 | 1 |aBegan and ceased with 2006. |
| 690 | 07|aNational parks|2gcpds |
| 710 | 2 |aParks Canada, |eissuing body. |
| 775 | 08|tParc national du Canada de la Pointe-Pelée, rapport sur l'état du parc.|w(CaOODSP)9.503062 |